Systémem on line na neplatiče Využívají rakouskou technologii a know-how. Zákazníci si ještě nezvykli šetřit

Využitie rakúskej technológie a know-how vo veľkoobchode papierenských výrobkov OSPAP a.s. v ČR. Výhody a možnosti systému on-line umožňuje prehľad o dlžníkoch, zlepšuje možnosť výmeny informácií medzi regionálnymi obchodnými závodmi. Využitie on-line systému v skladovom hospodárstve.

Enregistré dans:
Détails bibliographiques
Auteur principal: Pírek, I.
Format: Chapitre de livre
Langue:tchèque
Sujets:
Tags: Ajouter un tag
Pas de tags, Soyez le premier à ajouter un tag!

MARC

LEADER 00000naa a2200000 4500
001 r000073
005 20221213090311.8
041 0 |a cze 
044 |a SK 
245 1 0 |a Systémem on line na neplatiče  |b Využívají rakouskou technologii a know-how. Zákazníci si ještě nezvykli šetřit  |c I. Pírek 
520 |a Využitie rakúskej technológie a know-how vo veľkoobchode papierenských výrobkov OSPAP a.s. v ČR. Výhody a možnosti systému on-line umožňuje prehľad o dlžníkoch, zlepšuje možnosť výmeny informácií medzi regionálnymi obchodnými závodmi. Využitie on-line systému v skladovom hospodárstve. 
610 2 0 |a systém on-line 
610 2 0 |a OSPAP a.s. 
610 2 0 |a Česko 
610 2 0 |a hospodárstvo skladové 
610 2 0 |a know-how 
100 1 |a Pírek, I.